| 000 | 00572nam a2200205Ia 4500 | ||
|---|---|---|---|
| 005 | 20250508151454.0 | ||
| 008 | 008 250505s9999 xx 000 0 hin d | ||
| 037 | _aTextual | ||
| 040 |
_aFEDL _beng _cFEDL |
||
| 041 |
_ahin _2hin |
||
| 084 |
_a342.9, GAI _qFEDL |
||
| 100 |
_aGaind D. N. _9759226 |
||
| 245 | 0 | _aAadhunik Vivshwa ki premukh shashan - prenalia | |
| 260 |
_aAgra, India _bRatan Prakashan Mandir _c1954 |
||
| 300 | _a484p | ||
| 650 | _aLaw | ||
| 700 |
_a Sharma R. P. _9759227 |
||
| 942 |
_cTEXL _h342.9, GAI |
||
| 999 |
_c1330033 _d1330033 |
||